Estadísticas para Banderas de los estados de los Estados Unidos Alargado

Haz click aquí para intentar la prueba.

Estadísticas generales

  • Esta prueba ha sido intentada 29 veces
  • La puntuación promedio es 41 de 50

Estadísticas de respuestas

Respuesta% Correcto
Arkansas
96%
Hawai
96%
Iowa
96%
Kansas
96%
California
91%
Dakota del Norte
91%
Dakota del Sur
91%
Florida
91%
Montana
91%
Ohio
91%
Oklahoma
91%
Oregon
91%
Texas
91%
Washington
91%
Wisconsin
91%
Alaska
87%
Carolina del Norte
87%
Carolina del Sur
87%
Illinois
87%
Indiana
87%
Minesota
87%
Nevada
87%
Nuevo mexico
87%
Rhode Island
87%
Utah
87%
Virginia
87%
Virginia occidental
87%
Alabama
83%
Colorado
83%
Nebraska
83%
Arizona
78%
Luisiana
78%
Vermont
78%
Vermont
78%
Wyoming
78%
Kentucky
74%
Maine
74%
Misisipi
74%
Nueva jersey
74%
Nueva York
74%
Nuevo Hampshire
74%
Delaware
70%
Georgia
70%
Massachusetts
70%
Pensilvania
70%
Tennessee
70%
Connecticut
65%
Maryland
65%
Michigan
65%
Misuri
57%

Distribución de puntuación

Porcentaje por número respondido

Porcentaje de gente con cada puntuación

Historial de tus puntuaciones

No has intentado esta prueba.